Sports Quiz

Random Sports or Soccer Quiz

2018 World Cup Stars Quiz Stats

 Plays Quiz Updated Jun 23, 2018

Challenge
Share
Tweet
Embed
Score 0/15 Timer 04:00
265 Plays Today
% Correct
???
100%
???
80.1%
???
77.4%
???
74.2%
???
57.6%
???
36.6%
???
36.2%
???
34.2%
% Correct
???
24.3%
???
23.6%
???
23.5%
???
10.6%
???
10.4%
???
9.7%
???
7.3%

You're not logged in!

Compare scores with friends on all Sporcle quizzes.
Join for Free
OR
Log In

You Might Also Like...

Show Comments

Extras

Top Quizzes Today


Score Distribution

Your Account Isn't Verified!

In order to create a playlist on Sporcle, you need to verify the email address you used during registration. Go to your Sporcle Settings to finish the process.

Report this User

Report this user for behavior that violates our Community Guidelines.

Details: